| 000 | 00424nam a2200133Ia 4500 | ||
|---|---|---|---|
| 008 | 250506s9999 xx 000 0 und d | ||
| 024 | _a10B-027-BS, 10B-048-BS & 09B-003-BS | ||
| 082 | _a005.391072 HAM | ||
| 100 | _aHammad Khalid, Abdul Hafeez & Syed Muneed Farhat | ||
| 245 | 0 | _aHuman Performance Scorecard | |
| 260 |
_aKarachi: _bUIT, _c2010 |
||
| 600 | _aComputer Science | ||
| 650 | _aBachelor of Computer Science (BS) | ||
| 999 |
_c28816 _d28816 |
||